| 000 | 00630nam a2200193 a 4500 | ||
|---|---|---|---|
| 005 | 20240806064131.0 | ||
| 008 | 991125s1943 bue 000 0 spa u | ||
| 035 | _aUPN01000049245 | ||
| 049 | _aCG | ||
| 050 | 4 |
_aLB1051 _bP3.68 |
|
| 100 | 1 |
_aPfister, Oskar, _d1873-1956 _929838 |
|
| 245 | 1 | 3 |
_aEl psicoanálisis y la educación / _cOskar Pfister ; tr. del alemán por José Salas. |
| 260 |
_aBuenos Aires : _bLosada, _c1943. |
||
| 300 | _a196 p. | ||
| 440 | 0 |
_aPublicaciones de la Revista de Pedagogía. _pBiblioteca pedagógica ; _v8 |
|
| 650 | 4 |
_aPsicoanálisis _91572 |
|
| 650 | 4 |
_aPsicología educativa _95197 |
|
| 905 | _aLibro | ||
| 999 |
_c49245 _d49245 |
||